Комплексный экономический анализ хозяйственной деятельности: учебник для бакалавров

গ্রন্থ-পঞ্জীর বিবরন
প্রধান লেখক: Толпегина О. А. Ольга Акимовна
অন্যান্য লেখক: Толпегина Н. А. Наталья Алексеевна
সংক্ষিপ্ত:Электронная копия печатного издания.
Режим доступа: из корпоративной сети ТПУ
ভাষা:রুশ
প্রকাশিত: Москва, Юрайт, 2013
মালা:Бакалавр. Базовый курс
Электронные учебники издательства "Юрайт"
বিষয়গুলি:
অনলাইন ব্যবহার করুন:http://www.lib.tpu.ru/fulltext2/m/2014/FN/fn-67.pdf
বিন্যাস: MixedMaterials বৈদ্যুতিক গ্রন্থ
KOHA link:https://koha.lib.tpu.ru/cgi-bin/koha/opac-detail.pl?biblionumber=262268

MARC

LEADER 00000nlm0a2200000 4500
001 262268
005 20231031221945.0
010 |a 9785991620512 
035 |a (RuTPU)RU\TPU\book\285250 
090 |a 262268 
100 |a 20140530d2013 m y0rusy50 ca 
101 0 |a rus 
102 |a RU 
105 |a y j 000zy 
135 |a vocna---uucaa 
181 0 |a i  
182 0 |a b 
200 1 |a Комплексный экономический анализ хозяйственной деятельности  |b Электронный ресурс  |e учебник для бакалавров  |f О. А. Толпегина, Н. А. Толпегина 
203 |a Текст  |c электронный 
210 |a Москва  |c Юрайт  |d 2013 
215 |a 1 Мультимедиа CD-ROM 
225 1 |a Бакалавр. Базовый курс 
225 1 |a Электронные учебники издательства "Юрайт" 
230 |a Мультимедиа ресурсы (10 директорий; 100 файлов; 740MB) 
300 |a Электронная копия печатного издания. 
333 |a Режим доступа: из корпоративной сети ТПУ 
337 |a Pentium 100 MHz, 16 Mb RAM, Windows 95/98/NT/2000, CDROM, SVGA, звуковая карта, Internet Explorer 5.0 и выше 
452 1 |0 (RuTPU)RU\TPU\book\242323  |y 978-5-9916-2051-2  |t Комплексный экономический анализ хозяйственной деятельности  |o учебник для бакалавров  |f О. А. Толпегина, Н. А. Толпегина  |c Москва  |n Юрайт  |d 2013  |p 672 с.  |s Бакалавр. Базовый курс  |a Толпегина, Ольга Акимовна 
606 1 |a Экономический анализ  |2 stltpush  |3 (RuTPU)RU\TPU\subj\37444 
610 1 |a экономика 
610 1 |a хозяйственная деятельность 
610 1 |a комплексный анализ 
610 1 |a амортизация 
610 1 |a амортизационный анализ 
610 1 |a производственные фонды 
610 1 |a материальные ресурсы 
610 1 |a производственные запасы 
610 1 |a персонал 
610 1 |a заработная плата 
610 1 |a продукция 
610 1 |a реализация 
610 1 |a себестоимость 
610 1 |a финансовая отчетность 
610 1 |a финансовые результаты 
610 1 |a заемный капитал 
610 1 |a активы 
610 1 |a кризисные состояния 
610 1 |a банкротство 
610 1 |a тесты 
610 1 |a учебные пособия 
610 1 |a CD-ROM 
686 |a У053я73  |v LBC/SL-A  |2 rubbk 
700 1 |a Толпегина  |b О. А.  |g Ольга Акимовна 
701 1 |a Толпегина  |b Н. А.  |g Наталья Алексеевна 
801 1 |a RU  |b 63413507  |c 20140530 
801 2 |a RU  |b 63413507  |c 20140806  |g RCR 
856 4 |u http://www.lib.tpu.ru/fulltext2/m/2014/FN/fn-67.pdf 
942 |c CF